Odpadové pirátstvo
Svet, čím ďalej tým viac, ohrozuje "odpadový terorizmus". Dôvody rastu odpadového terorizmu. Medzinárodné ochranné rámce, ktoré platia v súčasnosti. Problematika odpadového terorizmu z pohľadu Slovenskej republiky. Cezhraničná preprava po roku 1992. Preprava odpadov po vstupe do EÚ.
Saved in:
| Main Author: | |
|---|---|
| Format: | Book Chapter |
| Language: | Slovak |
| Subjects: | |
| Tags: |
No Tags, Be the first to tag this record!
|
MARC
| LEADER | 00000naa$a2200000$$$4500 | ||
|---|---|---|---|
| 001 | 0073238 | ||
| 005 | 20231013072007.7 | ||
| 041 | 0 | |a slo | |
| 044 | |a SK | ||
| 245 | 1 | 0 | |a Odpadové pirátstvo |c Jaroslav Bartl |
| 520 | |a Svet, čím ďalej tým viac, ohrozuje "odpadový terorizmus". Dôvody rastu odpadového terorizmu. Medzinárodné ochranné rámce, ktoré platia v súčasnosti. Problematika odpadového terorizmu z pohľadu Slovenskej republiky. Cezhraničná preprava po roku 1992. Preprava odpadov po vstupe do EÚ. | ||
| 610 | 2 | 0 | |a odpad |
| 610 | 2 | 0 | |a preprava |
| 610 | 2 | 0 | |a terorizmus |
| 610 | 2 | 0 | |a ochrana prostredia životného |
| 610 | 2 | 0 | |a recyklácia odpadu |
| 610 | 2 | 0 | |a Slovensko |
| 610 | 2 | 0 | |a Európska únia |
| 100 | 1 | |a Bartl, Jaroslav | |